[Event "Mittelfranken-chTB1 1617"]
[Site "Mittelfranken"]
[Date "2016.11.27"]
[Round "3.8"]
[White "Goetz, Dieter"]
[Black "Giering, Goetz"]
[Result "1-0"]
[WhiteElo "1836"]
[BlackElo "1798"]
[PlyCount "93"]
[EventDate "2016.10.23"]
[EventType "team-tourn"]
[EventRounds "9"]
[EventCountry "GER"]
[SourceTitle "EXT 2022"]
[Source "ChessBase"]
[SourceDate "2021.10.06"]
[SourceVersion "1"]
[SourceVersionDate "2021.10.06"]
[SourceQuality "1"]
[WhiteTeam "Nuernberg SK 1911"]
[BlackTeam "Lauf SV"]
[WhiteTeamCountry "GER"]
[BlackTeamCountry "GER"]

1. c4 e5 2. Nc3 Nc6 3. g3 Bc5 4. Bg2 Nf6 5. e3 a6 6. Nge2 d6 7. 0-0 0-0 8. h3 Re8 9. d3 Ba7 10. a3 Rb8 11. b4 Bd7 12. Bb2 Ne7 13. Nd5 Nfxd5 14. cxd5 Rf8 15. Kh2 Qe8 16. d4 f6 17. Rc1 Rc8 18. dxe5 fxe5 19. Nc3 Ng6 20. Qd2 Qe7 21. Rce1 Rce8 22. f4 Qd8 23. Be4 c5 24. dxc6 Bxc6 25. f5 Ne7 26. Bxc6 bxc6 27. g4 d5 28. Na4 Nc8 29. Nc5 Bxc5 30. bxc5 Qc7 31. Kh1 Rf7 32. Bc3 Qe7 33. Bb4 Qh4 34. Kg2 Ne7 35. Qf2 Qg5 36. Qg3 Nc8 37. h4 Qd8 38. g5 Kh8 39. g6 Rf6 40. h5 Ref8 41. Qxe5 Ne7 42. Bc3 Qd7 43. h6 Nxg6 44. hxg7+ Qxg7 45. Qg3 Qe7 46. fxg6 Qe4+ 47. Kg1 1-0

[Event "Mittelfranken-chT2b 1617"]
[Site "Mittelfranken"]
[Date "2016.11.13"]
[Round "2.4"]
[White "Brunner, Wolfgang"]
[Black "Giering, Goetz"]
[Result "1/2-1/2"]
[WhiteElo "1857"]
[BlackElo "1798"]
[PlyCount "78"]
[EventDate "2016.10.23"]
[EventType "team-tourn"]
[EventRounds "9"]
[EventCountry "GER"]
[SourceTitle "EXT 2022"]
[Source "ChessBase"]
[SourceDate "2021.10.06"]
[SourceVersion "1"]
[SourceVersionDate "2021.10.06"]
[SourceQuality "1"]
[WhiteTeam "Neumarkt"]
[BlackTeam "Lauf SV II"]
[WhiteTeamCountry "GER"]
[BlackTeamCountry "GER"]

1. d4 Nf6 2. c4 e6 3. Nf3 Bb4+ 4. Bd2 a5 5. g3 Nc6 6. Bg2 0-0 7. 0-0 d5 8. c5 Bxd2 9. Nbxd2 Re8 10. e3 e5 11. Nxe5 Nxe5 12. dxe5 Rxe5 13. Nf3 Rh5 14. Re1 Bg4 15. Qd4 Qe7 16. Nh4 Rd8 17. b4 axb4 18. Rab1 Ra8 19. Rxb4 Bc8 20. a4 c6 21. Bf3 Re5 22. Ng2 Ne4 23. Rc1 Ra5 24. Bxe4 Rxe4 25. Qd2 Rxa4 26. Rxa4 Rxa4 27. Nf4 Qe4 28. Qb2 g5 29. Nh5 Qg6 30. Nf6+ Kf8 31. Qe5 Be6 32. Qd6+ Kg7 33. Ne8+ Kh6 34. Qe7 Rb4 35. Nf6 Bh3 36. Qf8+ Qg7 37. Ng8+ Kg6 38. Ne7+ Kh6 39. Ng8+ Kg6 1/2-1/2

[Event "Mittelfranken-chTB2b 1415"]
[Site "Mittelfranken"]
[Date "2015.03.22"]
[Round "8.8"]
[White "Hummel, Thomas"]
[Black "Giering, Goetz"]
[Result "0-1"]
[WhiteElo "1762"]
[BlackElo "1828"]
[PlyCount "78"]
[EventDate "2014.09.28"]
[EventType "team-tourn"]
[EventRounds "9"]
[EventCountry "GER"]
[SourceTitle "EXT 2020"]
[Source "ChessBase"]
[SourceDate "2019.10.17"]
[SourceVersion "1"]
[SourceVersionDate "2019.10.17"]
[SourceQuality "1"]
[WhiteTeam "Neumarkt"]
[BlackTeam "Lauf SV"]
[WhiteTeamCountry "GER"]
[BlackTeamCountry "GER"]

1. b3 Nf6 2. Bb2 d5 3. e3 Bf5 4. Nf3 e6 5. Be2 Bd6 6. d4 c5 7. Bb5+ Nbd7 8. 0-0 0-0 9. a4 cxd4 10. exd4 Rc8 11. c4 a6 12. Bxd7 Qxd7 13. c5 Bf4 14. g3 Bc7 15. Nh4 Bg4 16. f3 Bh3 17. Re1 Nh5 18. Kf2 Qe7 19. Ng2 Qg5 20. Rg1 Bxg3+ 21. hxg3 Qxg3+ 22. Ke3 Bxg2 23. Nd2 Qf4+ 24. Kd3 Qf5+ 25. Kc3 Nf4 26. Nf1 Bxf1 27. Qxf1 b6 28. b4 a5 29. Ba3 bxc5 30. bxc5 Rb8 31. Rg4 Rb7 32. Bc1 Ng6 33. Rg5 Qf6 34. f4 Rfb8 35. Ra3 Rb4 36. Be3 Ne7 37. Qd3 Nf5 38. Bf2 Rc4+ 39. Kd2 Rb2+ 0-1

[Event "Landesliga U20 Nord 1011"]
[Site "Bayern"]
[Date "2011.04.02"]
[Round "7.2"]
[White "Giering, Goetz"]
[Black "Schaefer, Ann Kathrin"]
[Result "0-1"]
[WhiteElo "1783"]
[BlackElo "1589"]
[PlyCount "90"]
[EventDate "2010.10.16"]
[EventType "team-tourn"]
[EventRounds "7"]
[EventCountry "GER"]
[SourceTitle "EXT 2022"]
[Source "ChessBase"]
[SourceDate "2021.10.06"]
[SourceVersion "1"]
[SourceVersionDate "2021.10.06"]
[SourceQuality "1"]
[WhiteTeam "Lauf SV U20"]
[BlackTeam "Bechhofen U20"]
[WhiteTeamCountry "GER"]
[BlackTeamCountry "GER"]

1. d4 Nf6 2. c4 g6 3. Nf3 Bg7 4. Bf4 d6 5. Nc3 Nbd7 6. Qd2 0-0 7. Bh6 e5 8. Bxg7 Kxg7 9. 0-0-0 Ng4 10. e4 exd4 11. Qxd4+ Kg8 12. h3 Nge5 13. Be2 Nc6 14. Qd2 Nc5 15. e5 dxe5 16. Qxd8 Rxd8 17. Rxd8+ Nxd8 18. Nxe5 Bf5 19. Nd5 Nde6 20. Rd1 Kg7 21. f3 c6 22. Nc3 Nf4 23. Bf1 Re8 24. Ng4 Ncd3+ 25. Bxd3 Nxd3+ 26. Kd2 Nxb2 27. Re1 Nxc4+ 28. Kd1 Bc2+ 29. Kxc2 Rxe1 30. Kd3 Nd6 31. Ne3 Nf5 32. Nc4 Re6 33. Ne4 b5 34. Na5 Nd6 35. Nc5 Re5 36. Ncb3 c5 37. Nd2 Rd5+ 38. Ke3 f5 39. Nc6 Nc4+ 40. Nxc4 bxc4 41. Na5 c3 42. Ke2 Rd2+ 43. Ke3 Rxa2 44. Nc4 Rxg2 45. Kd3 c2 0-1

[Event "Landesliga U20 Nord 1011"]
[Site "Bayern"]
[Date "2011.04.02"]
[Round "6.2"]
[White "Kulok, Solomon"]
[Black "Giering, Goetz"]
[Result "0-1"]
[WhiteElo "1731"]
[BlackElo "1783"]
[PlyCount "76"]
[EventDate "2010.10.16"]
[EventType "team-tourn"]
[EventRounds "7"]
[EventCountry "GER"]
[SourceTitle "EXT 2022"]
[Source "ChessBase"]
[SourceDate "2021.10.06"]
[SourceVersion "1"]
[SourceVersionDate "2021.10.06"]
[SourceQuality "1"]
[WhiteTeam "Nuernberg Noris Tarrasch U20"]
[BlackTeam "Lauf SV U20"]
[WhiteTeamCountry "GER"]
[BlackTeamCountry "GER"]

1. e4 e6 2. d3 d5 3. Nd2 c5 4. Ngf3 Nc6 5. g3 g6 6. Bg2 Bg7 7. 0-0 Nge7 8. Re1 0-0 9. Nf1 d4 10. e5 Qc7 11. Qe2 Nd5 12. h4 Bd7 13. N1h2 Nce7 14. Bd2 Bb5 15. Ng4 Nf5 16. c4 dxc3 17. bxc3 Ba6 18. c4 Nde7 19. Nf6+ Kh8 20. g4 Nd4 21. Nxd4 cxd4 22. a3 Rab8 23. a4 Nc6 24. g5 Rfd8 25. Bf4 b6 26. Qg4 Bb7 27. h5 Bxf6 28. gxf6 Rg8 29. Bh6 Rge8 30. f4 Nb4 31. Bxb7 Rxb7 32. Bg7+ Kg8 33. Qe2 Qc6 34. Kf2 a6 35. Rh1 b5 36. Rag1 bxc4 37. hxg6 fxg6 38. dxc4 d3 0-1

[Event "Mittelfranken-chTB2b 0910"]
[Site "Mittelfranken"]
[Date "2010.04.18"]
[Round "9.6"]
[White "Ludwig, Michael"]
[Black "Giering, Goetz"]
[Result "1-0"]
[WhiteElo "1810"]
[BlackElo "1742"]
[PlyCount "79"]
[EventDate "2009.10.11"]
[EventType "team-tourn"]
[EventRounds "9"]
[EventCountry "GER"]
[SourceTitle "EXT 2011"]
[Source "ChessBase"]
[SourceDate "2010.11.26"]
[SourceVersion "1"]
[SourceVersionDate "2010.11.26"]
[SourceQuality "1"]
[WhiteTeam "Buechenbach/Roth II"]
[BlackTeam "Lauf II"]
[WhiteTeamCountry "GER"]
[BlackTeamCountry "GER"]

1. e4 e6 2. d4 d5 3. e5 c5 4. c3 Nc6 5. Nf3 Qc7 6. Bd3 cxd4 7. cxd4 Nb4 8. 0-0 Bd7 9. Nc3 Nxd3 10. Qxd3 Qb6 11. Rb1 Ne7 12. a3 Rc8 13. h4 Nc6 14. b4 Be7 15. Na4 Qd8 16. Nc5 b6 17. Nxd7 Qxd7 18. Bd2 0-0 19. Rfc1 Nb8 20. b5 Rxc1+ 21. Rxc1 Rc8 22. Rc3 Bd8 23. a4 Rxc3 24. Qxc3 Qc7 25. Qxc7 Bxc7 26. Ne1 a6 27. Bb4 a5 28. Ba3 Nd7 29. f4 f6 30. Nd3 Kf7 31. g4 Nf8 32. Kg2 Nd7 33. Kg3 g6 34. Kf3 Kg7 35. Be7 Kf7 36. Ba3 Kg7 37. f5 Kf7 38. fxe6+ Kxe6 39. Nf4+ Kf7 40. e6+ 1-0

[Event "Mittelfranken-chTB2b 0809"]
[Site "Mittelfranken"]
[Date "2009.04.26"]
[Round "9.2"]
[White "Giering, Goetz"]
[Black "Bildt, Maximilian"]
[Result "0-1"]
[WhiteElo "1716"]
[BlackElo "1805"]
[PlyCount "80"]
[EventDate "2008.10.12"]
[EventType "team"]
[EventRounds "9"]
[EventCountry "GER"]
[SourceTitle "EXT 2011"]
[Source "ChessBase"]
[SourceDate "2010.11.26"]
[SourceVersion "1"]
[SourceVersionDate "2010.11.26"]
[SourceQuality "1"]
[WhiteTeam "Lauf II"]
[BlackTeam "Muehlhof/Schwabach"]
[WhiteTeamCountry "GER"]
[BlackTeamCountry "GER"]

1. d4 Nf6 2. c4 c5 3. d5 b5 4. Qc2 bxc4 5. e4 d6 6. Bxc4 g6 7. b3 Bg7 8. Bb2 0-0 9. f4 a5 10. Nf3 a4 11. bxa4 Qa5+ 12. Nfd2 Bd7 13. Nc3 Ng4 14. Nd1 Bxa4 15. Bb3 Bxb2 16. Nxb2 Ne3 17. Qd3 Nxg2+ 18. Kf2 Nxf4 19. Qe3 Bxb3 20. Nxb3 Qa3 21. Nc4 Qb4 22. Nbd2 Nh5 23. Rhb1 Qa4 24. Nb6 Qa7 25. Nxa8 Nd7 26. Nc7 Qxc7 27. Rb5 Ne5 28. h3 Ra8 29. a4 c4 30. a5 c3 31. Nb3 Qc4 32. Rb7 Nf6 33. Qd4 Nxe4+ 34. Ke3 Qc8 35. a6 Qxh3+ 36. Ke2 Qf3+ 37. Ke1 Nd3+ 38. Qxd3 Qxd3 39. a7 c2 40. Rb8+ Kg7 0-1

[Event "Mittelfranken-chTB2b 0809"]
[Site "Mittelfranken"]
[Date "2009.03.22"]
[Round "8.3"]
[White "Giering, Goetz"]
[Black "Kipferl, Wolfgang"]
[Result "1/2-1/2"]
[WhiteElo "1716"]
[BlackElo "1885"]
[PlyCount "72"]
[EventDate "2008.10.12"]
[EventType "team"]
[EventRounds "9"]
[EventCountry "GER"]
[SourceTitle "EXT 2011"]
[Source "ChessBase"]
[SourceDate "2010.11.26"]
[SourceVersion "1"]
[SourceVersionDate "2010.11.26"]
[SourceQuality "1"]
[WhiteTeam "Lauf II"]
[BlackTeam "Neumarkt"]
[WhiteTeamCountry "GER"]
[BlackTeamCountry "GER"]

1. d4 d6 2. c4 g6 3. Nc3 Bg7 4. e4 Nc6 5. Be3 e5 6. d5 Nce7 7. c5 f5 8. f3 Nf6 9. cxd6 cxd6 10. Qa4+ Bd7 11. Qb4 0-0 12. Qxd6 fxe4 13. fxe4 Nxe4 14. Nxe4 Nf5 15. Qc5 Qh4+ 16. Nf2 Nxe3 17. Qxe3 Bh6 18. Qg3 Qb4+ 19. Qc3 Qf4 20. Ngh3 Bxh3 21. Nxh3 Qe4+ 22. Be2 Rac8 23. Qb3 Rc2 24. d6+ Kh8 25. Ng1 Qxg2 26. Qxc2 Qxh1 27. Qc5 Qxh2 28. Kd1 Rf1+ 29. Kc2 Rxa1 30. Qc8+ Kg7 31. Qd7+ Kf6 32. Qe7+ Kf5 33. Qf7+ Ke4 34. Qc4+ Kf5 35. Qf7+ Ke4 36. Qc4+ Kf5 1/2-1/2

[Event "Mittelfranken-chTB2b 0809"]
[Site "Mittelfranken"]
[Date "2009.02.08"]
[Round "6.4"]
[White "Schoenberger, Andreas"]
[Black "Giering, Goetz"]
[Result "0-1"]
[WhiteElo "1884"]
[BlackElo "1716"]
[PlyCount "80"]
[EventDate "2008.10.12"]
[EventType "team"]
[EventRounds "9"]
[EventCountry "GER"]
[SourceTitle "EXT 2011"]
[Source "ChessBase"]
[SourceDate "2010.11.26"]
[SourceVersion "1"]
[SourceVersionDate "2010.11.26"]
[SourceQuality "1"]
[WhiteTeam "Buechenbach/Roth II"]
[BlackTeam "Lauf II"]
[WhiteTeamCountry "GER"]
[BlackTeamCountry "GER"]

1. e4 e6 2. d4 d5 3. exd5 exd5 4. Bd3 Nf6 5. Bg5 Bd6 6. Nf3 0-0 7. 0-0 Bg4 8. Nbd2 Nbd7 9. c3 c6 10. Qc2 Qc7 11. h3 Bh5 12. Nh4 Rfe8 13. Rae1 Bg6 14. Nxg6 hxg6 15. Re3 Bf4 16. Bxf4 Qxf4 17. Rfe1 Rxe3 18. Rxe3 Re8 19. Rxe8+ Nxe8 20. Nf3 Nef6 21. Qe2 Ne4 22. g3 Qc1+ 23. Kg2 f5 24. Ne5 Nxe5 25. dxe5 Qg5 26. Qf3 Kf7 27. Qf4 Qe7 28. c4 Ke6 29. Qe3 Qc5 30. Qe2 Qd4 31. f4 Nc5 32. Bb1 dxc4 33. b3 cxb3 34. axb3 b5 35. Ba2 Ke7 36. h4 Ne4 37. Bb1 Nc3 38. Qd3 Qd5+ 39. Kf1 Nxb1 40. Qxb1 Qh1+ 0-1

[Event "Mittelfrankenliga-B2a 0708"]
[Site "Mittelfranken"]
[Date "2008.04.27"]
[Round "9.7"]
[White "Giering, Goetz"]
[Black "Niebler, Andreas"]
[Result "1/2-1/2"]
[WhiteElo "1744"]
[BlackElo "1800"]
[PlyCount "46"]
[EventDate "2007.10.14"]
[EventType "team-tourn"]
[EventRounds "9"]
[EventCountry "GER"]
[SourceTitle "EXT 2011"]
[Source "ChessBase"]
[SourceDate "2010.11.26"]
[SourceVersion "1"]
[SourceVersionDate "2010.11.26"]
[SourceQuality "1"]
[WhiteTeam "Lauf"]
[BlackTeam "Neumarkt"]
[WhiteTeamCountry "GER"]
[BlackTeamCountry "GER"]

1. d4 g6 2. c4 Bg7 3. Nc3 Nf6 4. e4 d6 5. f4 0-0 6. Nf3 Bg4 7. h3 Bxf3 8. Qxf3 Nbd7 9. e5 Ne8 10. Qxb7 c5 11. exd6 Nxd6 12. Qf3 Bxd4 13. Ne2 Bg7 14. Nc3 Rb8 15. Bd3 Nb6 16. Qe2 Bd4 17. Bd2 e6 18. 0-0-0 Qf6 19. Rhf1 Qg7 20. Kc2 a5 21. b3 Rfe8 22. Qf3 Rec8 23. g4 a4 1/2-1/2

[Event "Mittelfrankenliga-B2a 0708"]
[Site "Mittelfranken"]
[Date "2008.02.17"]
[Round "6.8"]
[White "Biegel, Sven"]
[Black "Giering, Goetz"]
[Result "0-1"]
[WhiteElo "1232"]
[BlackElo "1744"]
[PlyCount "92"]
[EventDate "2007.10.14"]
[EventType "team-tourn"]
[EventRounds "9"]
[EventCountry "GER"]
[SourceTitle "EXT 2011"]
[Source "ChessBase"]
[SourceDate "2010.11.26"]
[SourceVersion "1"]
[SourceVersionDate "2010.11.26"]
[SourceQuality "1"]
[WhiteTeam "Altensittenbach II"]
[BlackTeam "Lauf"]
[WhiteTeamCountry "GER"]
[BlackTeamCountry "GER"]

1. e4 e6 2. Nf3 d5 3. exd5 exd5 4. h3 Bd6 5. d4 Bf5 6. Bd3 Bxd3 7. Qxd3 c6 8. 0-0 Ne7 9. Bg5 f6 10. Bh4 Qc7 11. Nbd2 0-0 12. c4 dxc4 13. Nxc4 Bf4 14. Qb3 Kh8 15. g3 Bh6 16. g4 Bf4 17. Rfe1 g5 18. Qa3 Ng6 19. Bxg5 fxg5 20. Nce5 Nd7 21. Nxg6+ hxg6 22. Qc3 Rae8 23. d5+ Kh7 24. Rxe8 Rxe8 25. Nd4 cxd5 26. Qxc7 Bxc7 27. Nb5 Bb6 28. Nd6 Re2 29. Rf1 Rxb2 30. a3 Kg7 31. Ne8+ Kf8 32. Nd6 Nf6 33. Nxb7 Ne4 34. Kg2 Rxf2+ 35. Rxf2+ Nxf2 36. Kf3 Nxh3 37. Ke2 d4 38. Kd3 Nf2+ 39. Kc4 d3 40. Kb5 d2 41. Nd6 d1Q 42. Nc4 Qb3+ 43. Kc6 Qxc4+ 44. Kb7 Ne4 45. a4 Nd6+ 46. Ka8 Qc8# 0-1

[Event "Mittelfrankenliga-B2a 0607"]
[Site "Mittelfranken"]
[Date "2007.02.11"]
[Round "6.4"]
[White "Giering, Goetz"]
[Black "Kipferl, Wolfgang"]
[Result "1/2-1/2"]
[WhiteElo "1698"]
[BlackElo "1872"]
[PlyCount "102"]
[EventDate "2006.10.22"]
[EventType "team-tourn"]
[EventRounds "9"]
[EventCountry "GER"]
[SourceTitle "EXT 2011"]
[Source "ChessBase"]
[SourceDate "2010.11.26"]
[SourceVersion "1"]
[SourceVersionDate "2010.11.26"]
[SourceQuality "1"]
[WhiteTeam "Lauf II"]
[BlackTeam "Neumarkt"]
[WhiteTeamCountry "GER"]
[BlackTeamCountry "GER"]

1. d4 d6 2. c4 g6 3. Bg5 Bg7 4. Qd2 Nc6 5. Nf3 f5 6. h4 h6 7. Bf4 e6 8. e3 Nf6 9. Nc3 Qe7 10. Be2 a6 11. a3 Bd7 12. Qc2 Nh5 13. d5 Ne5 14. Nxe5 Nxf4 15. exf4 dxe5 16. fxe5 Bxe5 17. 0-0-0 0-0-0 18. Bf3 Qc5 19. Qb3 b6 20. Rhf1 Bd4 21. Na4 Bxa4 22. Qxa4 exd5 23. Qxa6+ Kb8 24. Rxd4 Qxd4 25. Bxd5 Rxd5 26. cxd5 Rd8 27. Qe2 Rxd5 28. Rd1 Qf4+ 29. Qe3 Rxd1+ 30. Kxd1 Qg4+ 31. Ke1 Qxg2 32. Qxh6 Qg1+ 33. Ke2 Qg4+ 34. Ke1 Qe4+ 35. Kd1 f4 36. Qh8+ Kb7 37. Qc3 Qh1+ 38. Ke2 Qxh4 39. Qd4 Qg4+ 40. Kf1 Qf5 41. Ke2 g5 42. Qd3 Qe5+ 43. Kf3 Kc6 44. Qg6+ Kd5 45. Qd3+ Kc5 46. Qc2+ Kd6 47. Qg6+ Kc5 48. Qc2+ Kb5 49. Qb3+ Ka5 50. Qb4+ Ka6 51. Qa4+ Qa5 1/2-1/2

[Event "Nuremberg-ch op 06th"]
[Site "Nuremberg"]
[Date "2006.06.04"]
[Round "4.40"]
[White "Sha, Siyu"]
[Black "Giering, Goetz"]
[Result "1-0"]
[WhiteElo "1743"]
[BlackElo "1475"]
[PlyCount "51"]
[EventDate "2006.06.02"]
[EventType "swiss"]
[EventRounds "5"]
[EventCountry "GER"]
[SourceTitle "EXT 2007"]
[Source "ChessBase"]
[SourceDate "2006.11.23"]
[SourceVersion "1"]
[SourceVersionDate "2006.11.23"]
[SourceQuality "1"]

1. e4 e6 2. d3 d5 3. Nd2 c5 4. Ngf3 Nc6 5. g3 Nf6 6. Bg2 Be7 7. 0-0 0-0 8. Re1 dxe4 9. dxe4 e5 10. c3 Bg4 11. h3 Bh5 12. Qc2 Qc7 13. Nc4 Nd7 14. Ne3 Rfe8 15. Nd5 Qc8 16. Kh2 Bf8 17. Bg5 h6 18. Be3 Ne7 19. Rad1 b6 20. Rd2 Bg6 21. Qa4 Nxd5 22. Rxd5 Nf6 23. Rxe5 Nxe4 24. Bf4 Nf6 25. Rxe8 Nxe8 26. Nh4 1-0

[Event "Nuremberg-ch op 06th"]
[Site "Nuremberg"]
[Date "2006.06.02"]
[Round "1.36"]
[White "Giering, Goetz"]
[Black "Poelsterl, Hans"]
[Result "0-1"]
[WhiteElo "1475"]
[BlackElo "1927"]
[PlyCount "66"]
[EventDate "2006.06.02"]
[EventType "swiss"]
[EventRounds "5"]
[EventCountry "GER"]
[SourceTitle "EXT 2007"]
[Source "ChessBase"]
[SourceDate "2006.11.23"]
[SourceVersion "1"]
[SourceVersionDate "2006.11.23"]
[SourceQuality "1"]

1. d4 Nf6 2. c4 d6 3. Nf3 g6 4. Bg5 Bg7 5. e3 Nbd7 6. Bd3 c6 7. 0-0 0-0 8. Nc3 Qc7 9. Qc2 e5 10. dxe5 dxe5 11. Rad1 Nc5 12. h3 Nxd3 13. Qxd3 Bf5 14. e4 Be6 15. b3 h6 16. Bh4 g5 17. Bg3 Nh5 18. Bh2 Nf4 19. Qc2 Rad8 20. Ne2 Qc8 21. Nxf4 exf4 22. Kh1 a5 23. Rfe1 Qa8 24. a4 Qa6 25. Ng1 b5 26. c5 bxa4 27. bxa4 Rb8 28. Rb1 Rb4 29. Rxb4 axb4 30. e5 b3 31. Qe4 Rb8 32. Ne2 Qa5 33. Rb1 Qxc5 0-1

[Event "Nuremberg-ch op 04th"]
[Site "Nuremberg"]
[Date "2004.05.21"]
[Round "1"]
[White "Giering, Goetz"]
[Black "Babichev, Vyacheslav"]
[Result "0-1"]
[WhiteElo "872"]
[BlackElo "1764"]
[PlyCount "98"]
[EventDate "2004.05.21"]
[EventType "swiss"]
[EventRounds "5"]
[EventCountry "GER"]
[SourceTitle "EXT 2006"]
[Source "ChessBase"]
[SourceDate "2005.11.24"]
[SourceVersion "1"]
[SourceVersionDate "2005.11.24"]
[SourceQuality "1"]

1. e4 d6 2. d4 g6 3. f4 Nf6 4. e5 dxe5 5. fxe5 Nd5 6. Bc4 Be6 7. Bxd5 Bxd5 8. Nf3 Bc4 9. b3 Ba6 10. Bb2 Bg7 11. Nbd2 0-0 12. Nc4 b5 13. Ncd2 b4 14. Ne4 Qd5 15. Nc5 Bb5 16. a3 a5 17. a4 Bc6 18. 0-0 Nd7 19. Nxd7 Bxd7 20. h3 Bh6 21. Nd2 Be3+ 22. Kh2 Bc6 23. Nf3 Bf4+ 24. Kg1 Bb7 25. Re1 Rad8 26. Bc1 Bg3 27. Re3 c5 28. Bb2 Bf4 29. Re1 e6 30. c4 Qc6 31. Bc1 Bxc1 32. Rxc1 Rxd4 33. Qe2 Rd7 34. Rcd1 Rfd8 35. Rd2 Qc7 36. Rxd7 Qxd7 37. Ng5 h6 38. Ne4 Qd4+ 39. Nf2 Qc3 40. Nd1 Qxb3 41. Nb2 Bc6 42. Rd1 Rxd1+ 43. Nxd1 Bxa4 44. Ne3 Qc3 45. Ng4 Kg7 46. Qf2 Qd4 47. Qxd4 cxd4 48. Nf2 Bc2 49. Kf1 b3 0-1

[Event "Mittelfranken-ch QT 53rd"]
[Site "Lauf"]
[Date "2004.04.09"]
[Round "5"]
[White "Giering, Goetz"]
[Black "Gehret, Johannes"]
[Result "0-1"]
[WhiteElo "857"]
[BlackElo "1147"]
[PlyCount "72"]
[EventDate "2004.04.07"]
[EventType "swiss"]
[EventRounds "7"]
[EventCountry "GER"]
[SourceTitle "EXT 2015"]
[Source "ChessBase"]
[SourceDate "2014.11.20"]
[SourceVersion "1"]
[SourceVersionDate "2014.11.20"]
[SourceQuality "1"]

1. d4 Nf6 2. Nc3 d6 3. e4 Nbd7 4. Nf3 e5 5. dxe5 dxe5 6. Bg5 Bd6 7. Bc4 0-0 8. 0-0 Be7 9. Qd3 a6 10. Rad1 b5 11. Bd5 Nxd5 12. Bxe7 Nxe7 13. Nxe5 Qe8 14. Nd5 Nxe5 15. Qg3 Nxd5 16. Rxd5 Nc4 17. Qc3 Qxe4 18. Rg5 f6 19. Rg3 Bf5 20. Rc1 Rae8 21. h3 Re5 22. b3 Na3 23. Qa5 Nxc2 24. Qxc7 Rf7 25. Qd8+ Re8 26. Qd2 Rfe7 27. Rc3 Nd4 28. Re3 Qd5 29. Kh2 Nf3+ 30. Rxf3 Qxd2 31. Ra1 Qd5 32. Rg1 Re1 33. Rg3 Rxg1 34. Kxg1 h5 35. Kh2 Qd6 36. f3 h4 0-1